000 01046nam a22002897a 4500
001 7233
003 FISKH
005 20250703104100.0
008 250703b cb ||||| |||| 00| 0 eng d
020 _a9781416985662
040 _aFISKH
_beng
_cFISKH
_dFISKH
050 _aPZ8.R3922 S
082 _a398.2
100 _aRichards, Melinda
245 _aSave little red riding hood ! /
_cAdapted by Melinda Richards based on the screenplay by Sascha Paladino ; Illustrated by Amy Marie Stadelmann, Little Air Plane Productions
260 _aNew York :
_bSimon Spotlight,
_c2009.
300 _a22 unnumbered pages :
_bcolor illustrations ;
_c23 cm
490 _aReady-to-read :
_vPre-level 1
505 _aC
520 _aThe Wonder Pets try to save Little Red Riding Hood from the Big Bad Wolf in this twist on the classic fairytale.
521 8 _a150
_bLexile estimate
521 8 _aC
_bRaz-Plus
650 _aKids
_vFairy tale
700 _aStadelmann, Amy Marie
_eillustrator
942 _2ddc
_cBK
_n0
999 _c7233
_d7233